Hiện trạng đời sống văn học Đồng Bằng Sông Cửu Long Từ năm 2000 đến nay
TM tài liệu tham khảo tr. 214-225; Gồm 3 chương: Tiền đề lịch sử - Văn hóa - Xã hội của văn học Đồng Bằng Sông Cửu Long đầu thế kỷ XXI; Tình hình sáng tác, nghiên cứu, phê bình văn học Đồng Bằng Sông Cửu Long từ năm 2000 đến nay; Quảng bá v...
Đã lưu trong:
| 主要作者: | |
|---|---|
| 其他作者: | |
| 格式: | 图书 |
| 语言: | Undetermined |
| 出版: |
Trường Đại học Thủ Dầu Một
2015
|
| 主题: | |
| 在线阅读: | http://lrc.tdmu.edu.vn/opac/search/detail.asp?aID=2&ID=40414 |
| 标签: |
添加标签
没有标签, 成为第一个标记此记录!
|
| Thư viện lưu trữ: | Trung tâm Học liệu Trường Đại học Thủ Dầu Một |
|---|
| LEADER | 01392nam a2200205Ia 4500 | ||
|---|---|---|---|
| 001 | TDMU_40414 | ||
| 008 | 210410s9999 xx 000 0 und d | ||
| 082 | |a 368.38 | ||
| 100 | |a Nguyễn, Văn Kha | ||
| 245 | 0 | |a Hiện trạng đời sống văn học Đồng Bằng Sông Cửu Long | |
| 245 | 0 | |b Từ năm 2000 đến nay | |
| 245 | 0 | |c Nguyễn Văn Kha (chủ biên), Vũ Văn Ngọc, Lê Thị Thanh Tâm, Phan Văn Tường | |
| 260 | |b Trường Đại học Thủ Dầu Một | ||
| 260 | |c 2015 | ||
| 300 | |a 237 tr | ||
| 520 | |a TM tài liệu tham khảo tr. 214-225; Gồm 3 chương: Tiền đề lịch sử - Văn hóa - Xã hội của văn học Đồng Bằng Sông Cửu Long đầu thế kỷ XXI; Tình hình sáng tác, nghiên cứu, phê bình văn học Đồng Bằng Sông Cửu Long từ năm 2000 đến nay; Quảng bá và thưởng thức văn học ở Đồng Bằng Sông Cửu Long từ năm 2000 đến nay. | ||
| 650 | |a Lịch sử văn học |z Đồng Bằng Sông Cửu Long; Văn học |x Phê bình |z Đồng Bằng Sông Cửu Long | ||
| 700 | |a Lê, Thị Thanh Tâm | ||
| 856 | |u http://lrc.tdmu.edu.vn/opac/search/detail.asp?aID=2&ID=40414 | ||
| 980 | |a Trung tâm Học liệu Trường Đại học Thủ Dầu Một | ||